<?xml version="1.0" encoding="UTF-8"?>
<collection xmlns="http://www.loc.gov/MARC21/slim">
 <record>
  <leader>     na                 </leader>
  <controlfield tag="001">INLIS000000000001048</controlfield>
  <controlfield tag="005">20250705091154</controlfield>
  <datafield tag="035" ind1=" " ind2=" ">
   <subfield code="a">0010-0725000152</subfield>
  </datafield>
  <controlfield tag="007">ta</controlfield>
  <controlfield tag="008">250705                c          1 ind  </controlfield>
  <datafield tag="082" ind1=" " ind2=" ">
   <subfield code="a">297.161</subfield>
  </datafield>
  <datafield tag="084" ind1=" " ind2=" ">
   <subfield code="a">297.161 MB. t</subfield>
  </datafield>
  <datafield tag="100" ind1="0" ind2=" ">
   <subfield code="a">MB.Rahimsyah.AR</subfield>
  </datafield>
  <datafield tag="245" ind1="1" ind2=" ">
   <subfield code="a">Tersiksa Nazak :</subfield>
   <subfield code="b">Karena Durhaka Kepada Orangtua /</subfield>
   <subfield code="c">MB.Rahimsyah.AR</subfield>
  </datafield>
  <datafield tag="250" ind1=" " ind2=" ">
   <subfield code="a">cetakan 1</subfield>
  </datafield>
  <datafield tag="260" ind1=" " ind2=" ">
   <subfield code="a">Surabaya :</subfield>
   <subfield code="b">Serba Jaya</subfield>
  </datafield>
  <datafield tag="300" ind1=" " ind2=" ">
   <subfield code="a">64 hlm :</subfield>
   <subfield code="b">Ada ;</subfield>
   <subfield code="c">14,7x19,5 cm</subfield>
  </datafield>
  <datafield tag="990" ind1=" " ind2=" ">
   <subfield code="a">0369/2022</subfield>
  </datafield>
 </record>
</collection>
